Minister and his responsibilities (Record no. 364002)

000 -LEADER
fixed length control field 00507cam a22001457a 4500
008 - FIXED-LENGTH DATA ELEMENTS--GENERAL INFORMATION
fixed length control field 180718b1970 xxu||||| |||| 00| 0 eng d
082 ## - DEWEY DECIMAL CLASSIFICATION NUMBER
Classification number I27x54 D451
100 ## - MAIN ENTRY--PERSONAL NAME
Personal name Desai, Morarji
245 ## - TITLE STATEMENT
Title Minister and his responsibilities
Statement of responsibility, etc. by Morarji Desai
260 ## - PUBLICATION, DISTRIBUTION, ETC.
Place of publication, distribution, etc. Delhi
Name of publisher, distributor, etc. National
Date of publication, distribution, etc. 1970
300 ## - PHYSICAL DESCRIPTION
Extent 56p.
500 ## - GENERAL NOTE
General note Jawahar Lal Nehru Memorial Lecture, Pub. for Institute of Constitutional and Parliamentary Studies, Delhi
650 ## - SUBJECT ADDED ENTRY--TOPICAL TERM
Topical term or geographic name entry element Cabinet System - India
650 ## - SUBJECT ADDED ENTRY--TOPICAL TERM
Topical term or geographic name entry element Ministerial Responsibility - India
Holdings
Withdrawn status Lost status Damaged status Not for loan Permanent Location Current Location Date acquired Full call number Barcode Date last seen Price effective from Koha item type
        Indian Institute of Public Administration Indian Institute of Public Administration 1994-04-06 I27x54 D451 45297 2018-07-21 2018-07-21 Book

Powered by Koha